<?xml version="1.0" encoding="UTF-8"?>
<record
    xmlns:xsi="http://www.w3.org/2001/XMLSchema-instance"
    xsi:schemaLocation="http://www.loc.gov/MARC21/slim http://www.loc.gov/standards/marcxml/schema/MARC21slim.xsd"
    xmlns="http://www.loc.gov/MARC21/slim">

  <leader>01361nam a2200241   4500</leader>
  <controlfield tag="001">113975</controlfield>
  <controlfield tag="003">DR-UNIBE</controlfield>
  <controlfield tag="005">20250729150022.0</controlfield>
  <controlfield tag="008">250729b2010    ck ||||| |||| 00| 0 spa d</controlfield>
  <datafield tag="020" ind1=" " ind2=" ">
    <subfield code="a"> 9789586764902</subfield>
  </datafield>
  <datafield tag="040" ind1=" " ind2=" ">
    <subfield code="a">BIBLIOTECA UNIBE</subfield>
    <subfield code="b">spa</subfield>
    <subfield code="c">BIBLIOTECA UNIBE</subfield>
    <subfield code="e">rda</subfield>
  </datafield>
  <datafield tag="041" ind1=" " ind2=" ">
    <subfield code="a">spa</subfield>
  </datafield>
  <datafield tag="082" ind1=" " ind2=" ">
    <subfield code="2">22</subfield>
    <subfield code="a">342.86 R39d</subfield>
  </datafield>
  <datafield tag="100" ind1="1" ind2="0">
    <subfield code="a">Rey Cantor, Ernesto, </subfield>
    <subfield code="d">1952- </subfield>
    <subfield code="9">197967</subfield>
  </datafield>
  <datafield tag="245" ind1="1" ind2="3">
    <subfield code="a"> El derecho procesal constitucional : un nuevo concepto / </subfield>
    <subfield code="c">Ernesto Rey Cantor</subfield>
  </datafield>
  <datafield tag="250" ind1=" " ind2=" ">
    <subfield code="a">Primera edici&#xF3;n</subfield>
  </datafield>
  <datafield tag="260" ind1=" " ind2=" ">
    <subfield code="a"> Bogot&#xE1; : </subfield>
    <subfield code="b">Ediciones Doctrina y Ley,</subfield>
    <subfield code="c">2010</subfield>
  </datafield>
  <datafield tag="300" ind1=" " ind2=" ">
    <subfield code="a">163 p&#xE1;ginas :</subfield>
    <subfield code="c">16 x 11 cm</subfield>
  </datafield>
  <datafield tag="505" ind1=" " ind2=" ">
    <subfield code="a">1. Un nuevo concepto |
A.  Normas jur&#xED;dicas contenidas en la constituci&#xF3;n pol&#xED;tica |
B. Normas jur&#xED;dicas contenidas en la Ley |
C. Principios y valores en la constituci&#xF3;n pol&#xED;tica |
D. Procesos constitucionales |
E. Cualesquiera que sean &#xF3;rganos |
F. Encargados de preservar la supremac&#xED;a de la constituci&#xF3;n pol&#xED;tica y la protecci&#xF3;n procesal de los derechos humanos |
G. Con justicia y con efectividad |
2. Las acciones constitucionales como recursos de jurisdicci&#xF3;n interna que deber&#xE1;n agotarse para acceder a las jurisdicci&#xF3;n internacional de derechos humanos |
Bibliograf&#xED;a</subfield>
  </datafield>
  <datafield tag="650" ind1=" " ind2="7">
    <subfield code="2">lemb</subfield>
    <subfield code="a">Derecho constitucional</subfield>
    <subfield code="z">Colombia</subfield>
    <subfield code="9">197969</subfield>
  </datafield>
  <datafield tag="651" ind1=" " ind2=" ">
    <subfield code="a">Colombia</subfield>
    <subfield code="x">Constituci&#xF3;n</subfield>
    <subfield code="9">197970</subfield>
  </datafield>
  <datafield tag="942" ind1=" " ind2=" ">
    <subfield code="2">ddc</subfield>
    <subfield code="c">BK</subfield>
  </datafield>
  <datafield tag="999" ind1=" " ind2=" ">
    <subfield code="c">113975</subfield>
    <subfield code="d">113975</subfield>
  </datafield>
  <datafield tag="952" ind1=" " ind2=" ">
    <subfield code="0">0</subfield>
    <subfield code="1">0</subfield>
    <subfield code="2">ddc</subfield>
    <subfield code="7">0</subfield>
    <subfield code="8">GEN</subfield>
    <subfield code="a">Principal</subfield>
    <subfield code="d">2025-06-10</subfield>
    <subfield code="l">0</subfield>
    <subfield code="o">342.86 R39d</subfield>
    <subfield code="p">250916</subfield>
    <subfield code="r">2025-07-29 14:53:28</subfield>
    <subfield code="t">Ej. 1</subfield>
    <subfield code="w">2025-07-29</subfield>
    <subfield code="y">BK</subfield>
  </datafield>
</record>
